000 00460nam a2200181Ia 4500
008 240925s9999 xx 000 0 und d
020 _a70662835
082 _a621.3 FIT
100 _aFitzgerald, A. E.
245 0 _aBasic Electrical Engineering
250 _a5th
260 _aAuckland:
_bMcGraw Hill
_c,1981.
300 _axiii,936p.
_bNA
_fOriginal
500 _aIncludes Index
600 _aEngineering Technology
650 _aTechnology
942 _cBK
999 _c2544
_d2544